00373nam a22001577a 4500003000400000008004100004020000600045022000600051082001300057100001500070245005500085250000900140260003400149300000900183650002300192OSt200709b ||||| |||| 00| 0 eng d a- a- a615.7YAE aYadav, A V aExperimental Biopharmaceutics and Pharmacokinetics a2019 aNew Delhib Nirali Prakashan a6.40 aPharmactheraputics